Statistics for Greek and Roman Mythology - The Underworld

Click here to take the quiz!

General Stats

  • This quiz has been taken 210 times
    (195 since last reset)
  • The average score is 13 of 24

Answer Stats

Hint Answer % Correct
King of the UnderworldHades
99%
Queen of the UnderworldPersephone
94%
Roman Form of ^Pluto
88%
The River of Hate and OathThe River Styx
84%
Hero That Bathed in ^Achilles
77%
Vulnerable Spot of ^Heel
75%
Guardian of the Underworld (The Three-Headed Dog)Cerberus
75%
What Type of Seeds did ^ Eat?Pomegranate Seeds
67%
How many ^ Seeds did the Queen of Underworld Eat when she was First Kidnapped by the King of the Underworld6
67%
God of DeathThanatos
61%
The Ferryman of the UnderworldCharon
60%
Place Where the Worst of the Worst Go.Tartarus
56%
Heaven of the UnderworldElysium
48%
The River of ForgetfulnessThe River Lethe
45%
What Seasons of the Year does the Queen of the Underworld need to spend with the King of the UnderworldWinter and Fall
41%
Roman Form of ^Proserpina
40%
Were Ordinary Souls WentThe Asphodel Meadows
29%
The River of FireThe River Phlegethon
26%
God the Lead Souls to ^Hermes
25%
The River of SorrowThe River Acheron
22%
The River of Lamentation (Grief)The River Cocytus
22%
Roman Form of ^Mercury
22%
Hell of the UnderworldThe Fields of Punishment
21%
Roman Form of ^Mors
15%

Score Distribution

Percentile by Number Answered

Percent of People with Each Score

Your Score History

You have not taken this quiz since the last reset